[Event "London Classic Open 2014"]
[Site "London ENG"]
[Date "2014.12.10"]
[Round "3.40"]
[White "Haugli, Petter"]
[Black "Ismailov, Roman"]
[Result "1/2-1/2"]
[WhiteTitle "IM"]
[WhiteElo "2283"]
[BlackElo "2010"]
[WhiteFideId "1500104"]
[BlackFideId "12807710"]
[EventDate "2014.12.08"]

1. d4 d5 2. c4 c6 3. Nf3 Nf6 4. Qc2 a6 5. e3 Nbd7 6. Nbd2 g6 7. Be2 Bg7 8. O-O
O-O 9. b3 Re8 10. Bb2 Nb6 11. Bd3 Nh5 12. Rac1 Be6 13. Ng5 Qd7 14. Nxe6 Qxe6 15.
Rfe1 Qd7 16. Nf3 Rad8 17. Red1 Qc7 18. Ba3 e6 19. Bf1 Qb8 20. Bb4 Nd7 21. a4
Nhf6 22. g3 e5 23. dxe5 Nxe5 24. Nxe5 Qxe5 25. Bc3 Qe7 26. Qb2 dxc4 27. Bxc4 Nh5
28. Bxg7 Nxg7 29. b4 Ne6 30. b5 axb5 31. axb5 c5 32. b6 Rd6 33. Rxd6 Qxd6 34.
Bf1 Ng7 35. Bg2 Re6 36. Ra1 Qd8 37. h4 Rxb6 38. Ra8 Qxa8 39. Qxb6 Qa4 40. Kh2
Ne6 41. Qxb7 Qa2 42. Qb8+ Kg7 43. Qe5+ Kg8 44. Kg1 Qb1+ 45. Bf1 c4 46. Kg2 Qb7+
47. Kh2 Qc6 48. Qc3 h5 49. Bxc4 Qf3 50. Qc2 Nf8 51. Qb2 Nd7 52. Kg1 Qf6 53. Qa2
Ne5 54. Bd5 Nf3+ 55. Kg2 Ne5 56. Qb2 Kg7 57. Qd4 Ng4 58. Qd2 Ne5 59. f3 Nd7 60.
f4 Nf8 61. e4 Ne6 62. Bxe6 Qxe6 63. Qd4+ Kg8 64. Qa4 Qg4 65. Qc2 Qd7 66. f5 gxf5
67. exf5 Qb7+ 68. Kf2 Qb6+ 69. Kf3 Qd4 70. Qe4 Qd1+ 71. Kg2 Qd2+ 72. Kh3 Qd1 73.
Kh2 Qd2+ 74. Qg2 Qd1 75. Qf2 Kg7 76. Qf4 Qe2+ 77. Kh3 f6 78. Qc7+ Kf8 79. Qc8+
Kg7 80. Qc7+ Kf8 81. Qb8+ Kg7 82. Qf4 Qd1 1/2-1/2

[Event "London Classic Open 2014"]
[Site "London ENG"]
[Date "2014.12.10"]
[Round "3.41"]
[White "Kerigan, Demre"]
[Black "Nilsen, Martin"]
[Result "1-0"]
[WhiteTitle "FM"]
[WhiteElo "2277"]
[BlackElo "2006"]
[WhiteFideId "6307841"]
[BlackFideId "1510657"]
[EventDate "2014.12.08"]

1. e4 e6 2. d4 d5 3. Nd2 Be7 4. Ngf3 Nf6 5. e5 Nfd7 6. Bd3 c5 7. c3 Nc6 8. O-O
g5 9. dxc5 g4 10. Nd4 Ncxe5 11. Bb5 a6 12. Bxd7+ Bxd7 13. f4 Nc6 14. N2b3 Nxd4
15. cxd4 h5 16. Bd2 Ba4 17. f5 Bg5 18. fxe6 fxe6 19. Qe2 Rh6 20. c6 Bb5 21. Bb4
Be7 22. Qe3 Rg6 23. cxb7 Rb8 24. Bxe7 Kxe7 25. Qf4 Bxf1 26. Rxf1 Rg8 27. Nc5 Rf8
28. Qxf8+ Qxf8 29. Rxf8 Rxf8 30. Nxa6 Kd7 31. b8=Q Rxb8 32. Nxb8+ Kc7 33. Na6+ 1-0

[Event "London Classic Open 2014"]
[Site "London ENG"]
[Date "2014.12.10"]
[Round "3.42"]
[White "Holleland, Sigve"]
[Black "Coleman, David J"]
[Result "1-0"]
[BlackTitle "CM"]
[WhiteElo "2042"]
[BlackElo "2253"]
[WhiteFideId "1513672"]
[BlackFideId "402087"]
[EventDate "2014.12.08"]

1. d4 Nf6 2. c4 Nc6 3. Nf3 e6 4. Nc3 Bb4 5. Qc2 d6 6. Bd2 O-O 7. a3 Bxc3 8. Bxc3
a5 9. e3 Qe7 10. Nd2 a4 11. Bd3 e5 12. O-O Re8 13. d5 Nb8 14. Ne4 Nxe4 15. Bxe4
g6 16. Qd1 Nd7 17. Re1 Nc5 18. Bc2 Bd7 19. f4 f6 20. Qf3 Rf8 21. Qg3 Qg7 22. Rf1
b5 23. cxb5 Bxb5 24. Rfd1 Rab8 25. Bb4 Na6 26. Ba5 Bd7 27. Rab1 Rb5 28. Bc3 Nc5
29. fxe5 fxe5 30. Rf1 Rbb8 31. Ba5 Bb5 32. Rf3 Rxf3 33. gxf3 Rf8 34. Bd1 c6 35.
dxc6 Bxc6 36. Rc1 Qh6 37. Bd2 Rf5 38. f4 e4 39. Bb4 Bb5 40. Bg4 Rd5 41. Bxc5
Rxc5 42. Rxc5 dxc5 43. f5 Qf8 44. Qe5 h5 45. Bh3 Qd8 46. Qxe4 Qd1+ 47. Kf2 Qd2+
48. Kf3 Qd1+ 49. Kf4 Qd6+ 50. Kg5 gxf5 51. Bxf5 Kg7 52. Qb7+ Kf8 53. Qxb5 Qe7+
54. Kxh5 Qxe3 55. Qd3 Qe5 56. Qd8+ Kg7 57. Qg5+ Kf8 58. Qh6+ Ke7 59. Qe6+ Qxe6
60. Bxe6 Kxe6 61. Kg4 Kd5 62. h4 Kc4 63. h5 Kb3 64. h6 Kxb2 65. h7 Kxa3 66. h8=Q
Ka2 67. Qc3 1-0

[Event "London Classic Open 2014"]
[Site "London ENG"]
[Date "2014.12.10"]
[Round "3.43"]
[White "Semprun Martinez, Fernando"]
[Black "Gschwendtner, Stanislav"]
[Result "1-0"]
[WhiteElo "2239"]
[BlackElo "1998"]
[WhiteFideId "2203170"]
[BlackFideId "307297"]
[EventDate "2014.12.08"]

1. e4 c5 2. Nf3 d6 3. d4 Nf6 4. Nc3 cxd4 5. Nxd4 g6 6. Be3 Bg7 7. f3 Nc6 8. Qd2
O-O 9. O-O-O d5 10. exd5 Nxd5 11. Nxc6 bxc6 12. Bd4 Bxd4 13. Qxd4 Qb6 14. Na4
Qc7 15. Bc4 Rd8 16. Rhe1 Bf5 17. Qe5 Qa5 18. Nc3 Qb4 19. Bxd5 cxd5 20. Nxd5 Rxd5
21. Qxd5 Rc8 22. Re2 Qf4+ 23. Kb1 e6 24. Qd4 Qc7 25. Rc1 Qxh2 26. Qe5 Qxe5 27.
Rxe5 h5 28. Ra5 Rc7 29. b4 Kg7 30. Kb2 Kf6 31. g3 g5 32. c4 h4 33. g4 Bd3 34. c5
Be2 35. Re1 Bc4 36. Kc3 Bd5 37. Kd3 Kg6 38. Ke3 f5 39. Ra6 fxg4 40. fxg4 h3 41.
Kd4 Kf6 42. Rd6 Bxa2 43. Rf1+ Kg6 44. Rh1 Rb7 45. Rxh3 Rxb4+ 46. Ke5 Rxg4 47.
Rc3 Bd5 48. Rxd5 exd5 49. c6 Re4+ 50. Kxd5 Re8 51. c7 Rc8 52. Ke6 g4 53. Rc5 a5
54. Kd7 Rg8 55. Rxa5 Rg7+ 56. Kd6 Rg8 57. Rc5 Rc8 58. Kd7 Rg8 59. c8=Q Rxc8 60.
Kxc8 Kf6 61. Kd7 g3 62. Rc3 1-0

[Event "London Classic Open 2014"]
[Site "London ENG"]
[Date "2014.12.10"]
[Round "3.44"]
[White "Farkas, Lajos Dr."]
[Black "Acosta, Mariano USA"]
[Result "0-1"]
[WhiteElo "2219"]
[BlackElo "1981"]
[WhiteFideId "711390"]
[BlackFideId "2008629"]
[EventDate "2014.12.08"]

1. d4 d6 2. Nf3 Nd7 3. e4 e5 4. Bc4 c6 5. dxe5 dxe5 6. c3 Bc5 7. b4 Bb6 8. Qb3
Qe7 9. Bg5 Ngf6 10. Nbd2 h6 11. Bh4 a5 12. Rd1 Bc7 13. a3 O-O 14. O-O g5 15. Bg3
Nh5 16. Rfe1 Nxg3 17. hxg3 Nf6 18. Nf1 b5 19. Bd3 Ng4 20. N3h2 Bb6 21. Nxg4 Bxg4
22. Rc1 Rfd8 23. c4 axb4 24. axb4 Be6 25. Qb1 Ra3 26. c5 Rb3 27. Qa1 Bc7 28. Bb1
Rxb4 29. Ne3 Rd2 30. Qa8+ Kg7 31. Qxc6 Rbb2 32. Rcd1 Ba5 33. Rxd2 Bxd2 34. Rf1
Bb4 35. Qxb5 Qxc5 36. Qe8 Bc3 37. Rc1 Qb4 38. Bd3 Rd2 39. Nd5 Bxd5 40. exd5 Rxd3
41. Qd7 Qc5 42. d6 Rxd6 43. Rxc3 Qxf2+ 44. Kxf2 Rxd7 45. g4 Rd4 46. Kf3 Rd2 47.
Rc6 e4+ 48. Kg3 Rd3+ 49. Kf2 Rd2+ 50. Kg3 e3 51. Rc3 e2 52. Re3 Rd3 0-1

[Event "London Classic Open 2014"]
[Site "London ENG"]
[Date "2014.12.10"]
[Round "3.45"]
[White "Jacobsen, Fredrik Beer"]
[Black "Ilfeld, Etan"]
[Result "0-1"]
[WhiteElo "2034"]
[BlackElo "2192"]
[WhiteFideId "1507044"]
[BlackFideId "2803470"]
[EventDate "2014.12.08"]

1. e4 e5 2. Nf3 Nc6 3. d4 exd4 4. Bc4 Bc5 5. c3 Nf6 6. e5 d5 7. Bb5 Ne4 8. Nxd4
Bd7 9. Bxc6 bxc6 10. O-O Be7 11. f3 Nc5 12. Be3 O-O 13. Nd2 Nd3 14. f4 c5 15.
N4b3 c4 16. Nf3 Nxb2 17. Qd2 Nd3 18. Nc1 Nxc1 19. Raxc1 c6 20. Nd4 c5 21. Ne2
Bf5 22. Ng3 Bd3 23. Rf3 d4 24. Bf2 Qd5 25. Re1 Bh4 26. f5 f6 27. cxd4 cxd4 28.
Qf4 Bg5 29. Qxd4 Qxd4 30. Bxd4 fxe5 31. Bxe5 Rae8 32. Bc3 Rxe1+ 33. Bxe1 Rb8 34.
a4 Rb1 35. Kf2 Ra1 36. Nh5 Be4 0-1

[Event "London Classic Open 2014"]
[Site "London ENG"]
[Date "2014.12.10"]
[Round "3.46"]
[White "Morello, Guido"]
[Black "Sathyanandha, Saravanan"]
[Result "1/2-1/2"]
[WhiteElo "2029"]
[BlackElo "2190"]
[WhiteFideId "836621"]
[BlackFideId "470929"]
[EventDate "2014.12.08"]

1. e4 e6 2. Nf3 d5 3. Nc3 Nf6 4. e5 Nfd7 5. d4 c5 6. dxc5 Nc6 7. Bf4 Bxc5 8. Bd3
f6 9. exf6 Nxf6 10. Qe2 O-O 11. O-O-O a6 12. Kb1 b5 13. Ne5 Nb4 14. g4 Qe8 15.
Bg3 Nxd3 16. Qxd3 b4 17. g5 Nd7 18. Nxd5 Nxe5 19. Bxe5 exd5 20. Qxd5+ Be6 21.
Qxc5 Rc8 22. Qxb4 Rxf2 23. Rd2 Rf5 24. Bc3 1/2-1/2

[Event "London Classic Open 2014"]
[Site "London ENG"]
[Date "2014.12.10"]
[Round "3.47"]
[White "Sharma, Amit"]
[Black "Willmoth, Robert F"]
[Result "0-1"]
[WhiteElo "2006"]
[BlackElo "2182"]
[WhiteFideId "5020522"]
[BlackFideId "402540"]
[EventDate "2014.12.08"]

1. e4 d6 2. d4 Nf6 3. Nc3 c6 4. Nf3 Bg4 5. Be2 e6 6. O-O Be7 7. Be3 d5 8. exd5
cxd5 9. h3 Bh5 10. Ne5 Bxe2 11. Qxe2 Nc6 12. Qb5 Qc7 13. Bf4 Bd6 14. Qa4 Bxe5
15. Bxe5 Qd7 16. Bxf6 gxf6 17. Rfe1 O-O 18. Ne2 Kh8 19. Ng3 Rg8 20. Nh5 Qe7 21.
c4 Rad8 22. Rad1 f5 23. Qb3 Qg5 24. Ng3 Na5 25. Qf3 Nxc4 26. b3 Nd2 27. Qh5 Qxh5
28. Nxh5 Nf3+ 0-1

[Event "London Classic Open 2014"]
[Site "London ENG"]
[Date "2014.12.10"]
[Round "3.48"]
[White "Mihajlov, Svetoslav"]
[Black "Othman, Mustapha"]
[Result "1-0"]
[WhiteElo "2181"]
[BlackElo "1973"]
[WhiteFideId "1507168"]
[BlackFideId "8500797"]
[EventDate "2014.12.08"]

1. e4 c5 2. Nf3 d6 3. d4 cxd4 4. Nxd4 Nf6 5. Nc3 a6 6. Bg5 e6 7. Qd2 Be7 8. f3
O-O 9. O-O-O b5 10. h4 Bb7 11. Kb1 Qc7 12. h5 b4 13. Nce2 Qa5 14. Nb3 Qb6 15. h6
g6 16. Qf4 e5 17. Qh4 Nbd7 18. g3 Rfb8 19. Bh3 Bd8 20. Bxd7 Nxd7 21. Bxd8 Rxd8
22. Qe7 d5 23. exd5 Nf8 24. c4 bxc3 25. Nxc3 Re8 26. Na4 Rxe7 27. Nxb6 Rb8 28.
Nc5 Rc7 29. Rc1 f6 30. Rhd1 Bc8 31. Nxc8 Rbxc8 32. Nxa6 Rxc1+ 33. Rxc1 Rxc1+ 34.
Kxc1 Kf7 35. Nc7 Ke7 36. Nb5 Nd7 37. a4 Nb6 38. d6+ Kd7 39. a5 Nc8 40. a6 Kc6
41. Kd2 Nb6 42. a7 Kd7 43. Kd3 Ke6 44. g4 Kd7 45. Nc7 Kxd6 46. a8=Q Nxa8 47.
Nxa8 Kc6 48. g5 1-0

[Event "London Classic Open 2014"]
[Site "London ENG"]
[Date "2014.12.10"]
[Round "3.49"]
[White "Calvert, D Ian"]
[Black "Lalic, Peter D"]
[Result "1/2-1/2"]
[WhiteElo "1982"]
[BlackElo "2180"]
[WhiteFideId "406368"]
[BlackFideId "416711"]
[EventDate "2014.12.08"]

1. b3 b5 2. e3 a6 3. c4 Bb7 4. Nf3 b4 5. a3 a5 6. axb4 axb4 7. Rxa8 Bxa8 8. Bb2
e6 9. d3 f5 10. Nbd2 Nf6 11. Qa1 Bb7 12. Bxf6 gxf6 13. g3 Be7 14. Bg2 O-O 15.
O-O c5 16. Rd1 Nc6 17. Qb2 Qe8 18. d4 Qh5 19. d5 Ne5 20. Qc2 Bd6 21. dxe6 dxe6
22. Nxe5 Bxg2 23. Kxg2 fxe5 24. Nf1 Bb8 25. f4 Qe8 26. Nd2 e4 27. Nf1 Bc7 28.
Rd2 Bd8 29. Qd1 Bf6 30. Rd6 Rf7 31. g4 Rg7 32. g5 h6 1/2-1/2

[Event "London Classic Open 2014"]
[Site "London ENG"]
[Date "2014.12.10"]
[Round "3.50"]
[White "Osborne, Marcus E"]
[Black "Praczukowski, Stanislaw"]
[Result "1/2-1/2"]
[WhiteElo "2176"]
[BlackElo "1962"]
[WhiteFideId "404608"]
[BlackFideId "1182730"]
[EventDate "2014.12.08"]

1. c4 Nf6 2. Nc3 g6 3. e4 d6 4. d4 Bg7 5. h3 O-O 6. Be3 e5 7. d5 Nh5 8. g3 a5 9.
Be2 Na6 10. Bxh5 gxh5 11. Qxh5 f5 12. g4 f4 13. Bc1 Nb4 14. Kd2 f3 15. a3 Bd7
16. h4 Rf4 17. Nh3 Bxg4 18. Qg5 Qxg5 19. hxg5 Bxh3 20. Rxh3 Na6 21. Kc2 Rg4 22.
Be3 Nc5 23. Bxc5 dxc5 24. Rah1 Rxg5 25. Rxh7 Rg2 26. Nd1 Ra6 27. R7h2 Rag6 28.
Ne3 Rg1 29. Rxg1 Rxg1 30. Rh3 Re1 31. Rxf3 Re2+ 32. Kb1 Bh6 33. Nf5 Bf4 34. d6
cxd6 35. Nxd6 b6 36. Nc8 Rxe4 37. Nxb6 Kg7 38. Rc3 Re1+ 39. Ka2 e4 40. Nd5 Bh6
41. Rc2 Kg6 42. b4 axb4 43. axb4 cxb4 44. c5 Bf8 45. c6 Bd6 46. Ne3 Bc7 47. Kb3
Rb1+ 48. Rb2 Rc1 49. Nd5 Bd6 50. Rc2 Rb1+ 51. Rb2 Rc1 52. Rc2 Rb1+ 53. Rb2 Rc1 1/2-1/2

[Event "London Classic Open 2014"]
[Site "London ENG"]
[Date "2014.12.10"]
[Round "3.51"]
[White "Moore, Gerald"]
[Black "Cannon, Raymond C"]
[Result "1/2-1/2"]
[WhiteElo "2169"]
[BlackElo "1956"]
[WhiteFideId "403440"]
[BlackFideId "408018"]
[EventDate "2014.12.08"]

1. Nf3 d6 2. d4 Nf6 3. c4 Nbd7 4. Nc3 e5 5. e4 Be7 6. Be2 O-O 7. O-O c6 8. Rb1
a5 9. Re1 Re8 10. Bf1 Bf8 11. d5 Nc5 12. b3 Bg4 13. h3 Bh5 14. a3 cxd5 15. cxd5
Bg6 16. Nd2 Be7 17. b4 axb4 18. axb4 Ncd7 19. Nc4 Nb6 20. Nxb6 Qxb6 21. Be3 Qc7
22. Rc1 Rec8 23. f3 Nd7 24. Bb5 Qd8 25. Na4 Rxc1 26. Qxc1 Bh4 27. Re2 Rc8 28.
Rc2 Rxc2 29. Qxc2 Be1 30. Qc4 f5 31. Kf1 Bg3 32. Bxd7 Qxd7 33. Nb6 Qd8 34. Qc8
Qxc8 35. Nxc8 fxe4 36. Nxd6 exf3 37. gxf3 Bf7 38. Ne4 Bf4 39. Bxf4 exf4 40. d6
Bc4+ 41. Ke1 Kf8 42. Nc5 Bd5 43. Kf2 Ke8 44. Nd3 Kd7 45. Nxf4 Kxd6 1/2-1/2

[Event "London Classic Open 2014"]
[Site "London ENG"]
[Date "2014.12.10"]
[Round "3.52"]
[White "McKerracher, Douglas"]
[Black "Marzano, Carlo"]
[Result "0-1"]
[WhiteElo "1980"]
[BlackElo "2166"]
[WhiteFideId "2401002"]
[BlackFideId "802980"]
[EventDate "2014.12.08"]

1. e4 e6 2. d3 d5 3. Nd2 Nf6 4. g3 dxe4 5. dxe4 e5 6. Bg2 Bc5 7. Ngf3 Nc6 8. O-O
O-O 9. c3 a5 10. a4 Qd3 11. Ne1 Qd7 12. Qc2 Rd8 13. Nb3 Bf8 14. Bg5 Qe6 15. h3
b6 16. Nf3 Ba6 17. Rfd1 Bc4 18. Rxd8 Rxd8 19. Nc1 Bc5 20. Nd2 Ba6 21. Ncb3 Be7
22. Re1 Bd3 23. Qd1 Nb8 24. Nc1 Ba6 25. Qc2 Nbd7 26. Nf1 h6 27. Bxf6 Nxf6 28.
Ne3 Bb7 29. Nf5 Bf8 30. Qe2 g6 31. Nh4 Bc6 32. b3 Ba3 33. Qc2 Rd6 34. Nd3 Nd7
35. f4 Nc5 36. Nxe5 Qxb3 37. Qxb3 Nxb3 38. Nxc6 Rxc6 39. e5 Rxc3 40. e6 Rc1 41.
exf7+ Kxf7 42. Rxc1 Nxc1 43. Bd5+ Kf6 44. Nf3 Ne2+ 45. Kf2 Nc3 46. Bc6 Bc5+ 47.
Ke1 Bd6 48. Kf2 Na2 49. Nd4 Bc5 50. Ke3 Nc3 51. Kd3 Bxd4 52. Kxd4 Ne2+ 53. Ke3
Nxg3 54. Bd7 Ke7 55. Bb5 Nf5+ 56. Kd3 Kd6 57. Be8 Ne7 58. Ke4 g5 59. f5 Nd5 60.
Bf7 Nc3+ 61. Kd4 Nxa4 62. f6 Nc5 63. Bg8 Nd7 0-1

[Event "London Classic Open 2014"]
[Site "London ENG"]
[Date "2014.12.10"]
[Round "3.53"]
[White "Lobersli, Henrik Oie"]
[Black "Ethelontis, Alexandros N"]
[Result "0-1"]
[WhiteElo "1961"]
[BlackElo "2160"]
[WhiteFideId "1511947"]
[BlackFideId "405469"]
[EventDate "2014.12.08"]

1. e4 e6 2. d4 d5 3. Nc3 Bb4 4. a3 Bxc3+ 5. bxc3 dxe4 6. Qg4 Nf6 7. Qxg7 Rg8 8.
Qh6 Nbd7 9. Ne2 b6 10. Ng3 Bb7 11. Be2 Rg6 12. Qh4 Qe7 13. O-O O-O-O 14. f3 exf3
15. Bxf3 Rdg8 16. Bd2 Bxf3 17. Rxf3 Rg4 18. Qh6 R4g6 19. Qf4 h5 20. Rf2 Rg4 21.
Qf3 Kb8 22. a4 h4 23. Nf1 Ne4 24. Re2 f5 25. Bf4 a5 26. Ne3 Nxc3 27. Rf2 Rxf4
28. Qxf4 Ne4 29. Re2 Qb4 30. c4 h3 31. g3 Qc3 32. Rd1 Ndf6 33. Rb1 Kb7 34. d5
Nh5 35. Qh6 Nhxg3 36. hxg3 Nxg3 37. Rc2 Qd4 38. Qxe6 h2+ 39. Kxh2 Qh4+ 40. Kg1
Qh7 41. Kf2 Ne4+ 42. Ke2 Qh2+ 43. Ke1 Rg1+ 44. Nf1 Qg3+ 45. Ke2 Qf2+ 46. Kd3
Nc5+ 47. Kc3 Nxa4+ 48. Kb3 Nc5+ 49. Kc3 Na4+ 50. Kb3 Nc5+ 51. Kc3 Qf3+ 52. Qe3
Qxe3+ 53. Nxe3 Rxb1 54. Nxf5 Rb3+ 55. Kd2 a4 56. Kc1 Rd3 57. Kb2 Ka6 58. Rc3
Rd2+ 59. Ka3 b5 60. Kb4 Nd3+ 61. Ka3 b4+ 0-1

[Event "London Classic Open 2014"]
[Site "London ENG"]
[Date "2014.12.10"]
[Round "3.54"]
[White "Shepley, Julien M"]
[Black "Shamima, Akter Liza"]
[Result "0-1"]
[BlackTitle "WIM"]
[WhiteElo "1942"]
[BlackElo "2159"]
[WhiteFideId "403210"]
[BlackFideId "10202587"]
[EventDate "2014.12.08"]

1. e4 c5 2. b3 Nf6 3. e5 Nd5 4. Bb2 g6 5. e6 f6 6. exd7+ Qxd7 7. Nc3 Bg7 8. Nf3
Nc6 9. Nxd5 Qxd5 10. Be2 e5 11. O-O Be6 12. Bc4 Qd7 13. Qe2 a6 14. Bxe6 Qxe6 15.
d4 O-O-O 16. dxc5 Qd5 17. Rfd1 Qxc5 18. a3 f5 19. b4 Qe7 20. c4 e4 21. Bxg7 Qxg7
22. b5 exf3 23. Qe6+ Kc7 24. bxc6 Rhe8 25. Qxe8 Rxe8 26. Rd7+ Qxd7 27. cxd7 Kxd7
28. gxf3 Kc6 29. Kg2 Kc5 30. Kg3 Re7 31. Rc1 Rd7 32. h4 h6 33. Re1 Rd6 34. Re7
b6 35. Rc7+ Rc6 36. Rxc6+ Kxc6 37. Kf4 Kc5 38. h5 gxh5 39. Kxf5 Kxc4 40. f4 h4
41. Kg4 Kd5 42. Kxh4 Ke6 43. Kh5 Kf5 44. Kxh6 b5 0-1

[Event "London Classic Open 2014"]
[Site "London ENG"]
[Date "2014.12.10"]
[Round "3.55"]
[White "Smith, Andrew Philip"]
[Black "Kalavannan, Koby"]
[Result "1/2-1/2"]
[WhiteTitle "FM"]
[WhiteElo "2148"]
[BlackElo "1935"]
[WhiteFideId "2500833"]
[BlackFideId "425753"]
[EventDate "2014.12.08"]

1. e4 c5 2. Nf3 e6 3. d4 cxd4 4. Nxd4 a6 5. Nc3 Qc7 6. Qf3 Nf6 7. Bg5 Be7 8.
O-O-O Nc6 9. Be2 b5 10. Nxc6 dxc6 11. e5 Nd5 12. Bxe7 Qxe7 13. Ne4 O-O 14. Qg3
Bb7 15. Bf3 Kh8 16. Nd6 f5 17. exf6 gxf6 18. Nxb7 Qxb7 19. Qd6 Rfe8 20. Rhe1
Rad8 21. Qc5 e5 22. g4 Re6 23. Re3 Qe7 1/2-1/2

[Event "London Classic Open 2014"]
[Site "London ENG"]
[Date "2014.12.10"]
[Round "3.56"]
[White "Corsino, Gianluca"]
[Black "Moradi, Kimia"]
[Result "1-0"]
[WhiteElo "2140"]
[BlackElo "1920"]
[WhiteFideId "816930"]
[BlackFideId "12500100"]
[EventDate "2014.12.08"]

1. d4 d5 2. c4 e6 3. Nc3 Be7 4. cxd5 exd5 5. Bf4 Nf6 6. e3 c6 7. Bd3 O-O 8. Qc2
Nbd7 9. Nf3 Re8 10. O-O Nf8 11. h3 Be6 12. Rab1 Ng6 13. Bh2 a5 14. a3 c5 15.
dxc5 Bxc5 16. Rfd1 Qe7 17. Ng5 Nf8 18. Rbc1 Rac8 19. Nxe6 fxe6 20. Qa4 Qd8 21.
Qb5 Bd6 22. Bxd6 Qxd6 23. Qxa5 N8d7 24. Be2 Rf8 25. Qa4 Nc5 26. Qb4 Qe5 27. Bf3
Nfd7 28. e4 Qg5 29. Be2 Qf4 30. exd5 Qxf2+ 31. Kh1 exd5 32. Bg4 Rf4 33. Qb5 Rd8
34. Nxd5 Re4 35. Nb6 Rxg4 36. hxg4 Qh4+ 37. Kg1 Rf8 38. Rf1 Qxg4 39. Rxf8+ Kxf8
40. Nxd7+ Nxd7 41. Qd3 1-0

[Event "London Classic Open 2014"]
[Site "London ENG"]
[Date "2014.12.10"]
[Round "3.57"]
[White "Quinn, John M"]
[Black "Sakai, Sou"]
[Result "0-1"]
[WhiteElo "2131"]
[BlackElo "1881"]
[WhiteFideId "405043"]
[BlackFideId "7001487"]
[EventDate "2014.12.08"]

1. d4 d6 2. Nf3 Bg4 3. c4 Nf6 4. Nc3 Bxf3 5. exf3 c6 6. Be3 g6 7. Qd2 Bg7 8. Be2
d5 9. b3 O-O 10. g4 Qa5 11. g5 Nh5 12. f4 dxc4 13. Bxh5 gxh5 14. bxc4 c5 15. Rd1
Nc6 16. Nd5 Qxd2+ 17. Bxd2 Bxd4 18. O-O e6 19. Nc3 Rad8 20. Ne4 b6 21. Be3 Kg7
22. Kg2 Na5 23. Rc1 Kg6 24. Kf3 e5 25. fxe5 Bxe5 26. Ke2 Rfe8 27. f4 Bd4 28. f5+
Kg7 29. Rf4 Bxe3 30. Kxe3 Rd4 31. Kf3 Nxc4 32. Nf6 Nd2+ 33. Kg2 Re2+ 34. Kg1
Rxf4 35. Nxh5+ Kf8 36. Nxf4 Nf3+ 37. Kf1 Re5 38. Kf2 Nxg5 39. Kg3 f6 40. Rd1
Ne4+ 41. Kf3 Ng5+ 42. Kg4 Nf7 43. Rd7 Nh6+ 44. Kf3 Nxf5 45. Rxa7 Nd4+ 46. Kg3
Rg5+ 47. Kf2 Rf5 48. Kg3 Rg5+ 49. Kf2 h5 50. Rb7 b5 51. Ke3 Re5+ 52. Kd3 Kg8 53.
Rd7 Ne6 54. Ng6 Rg5 55. Ne7+ Kf8 56. Nd5 Rxd5+ 57. Rxd5 Nf4+ 58. Ke4 Nxd5 59.
Kxd5 c4 0-1

[Event "London Classic Open 2014"]
[Site "London ENG"]
[Date "2014.12.10"]
[Round "3.58"]
[White "Hebbes, Tim"]
[Black "Parry, Jacques"]
[Result "1-0"]
[WhiteElo "2126"]
[BlackElo "1783"]
[WhiteFideId "406570"]
[BlackFideId "425923"]
[EventDate "2014.12.08"]

1. Nf3 d5 2. e3 Nf6 3. c4 e6 4. Nc3 c6 5. d4 Nbd7 6. b3 Bb4 7. Bd2 Qc7 8. a3 Bd6
9. Bd3 O-O 10. h3 Re8 11. cxd5 exd5 12. Qc2 Nf8 13. b4 Ng6 14. O-O Be6 15. Ng5
Qd7 16. f4 1-0

[Event "London Classic Open 2014"]
[Site "London ENG"]
[Date "2014.12.10"]
[Round "3.59"]
[White "Cohen, Ronnie"]
[Black "Hill, Alistair"]
[Result "0-1"]
[WhiteElo "1929"]
[BlackElo "2112"]
[WhiteFideId "412082"]
[BlackFideId "432407"]
[EventDate "2014.12.08"]

1. e4 c5 2. Nc3 Nc6 3. g3 g6 4. Bg2 Bg7 5. d3 e6 6. Nge2 Nge7 7. O-O O-O 8. f4
d5 9. e5 a6 10. a4 Bd7 11. Kh1 Rb8 12. Ng1 h5 13. Nf3 Nf5 14. Qe1 b5 15. axb5
axb5 16. Qf2 Qb6 17. Nb1 Ra8 18. Rxa8 Rxa8 19. c3 b4 20. Nbd2 bxc3 21. bxc3 Bf8
22. h3 Nh6 23. Ng5 Ne7 24. c4 Ra2 25. Qe1 Nhf5 26. g4 hxg4 27. hxg4 Nh6 28. Qh4
Qb4 29. Ngf3 Qc3 30. cxd5 Nxd5 31. Ne4 Qxd3 32. Nf6+ Nxf6 33. exf6 Bc6 34. f5
Bxf3 35. Rxf3 Qc2 36. Bf1 Qe4 37. Bxh6 Qxf3+ 38. Kg1 Bxh6 0-1

[Event "London Classic Open 2014"]
[Site "London ENG"]
[Date "2014.12.10"]
[Round "3.60"]
[White "Haldorsen, Benjamin"]
[Black "Cavendish, Joshua Z"]
[Result "1-0"]
[WhiteElo "2096"]
[BlackElo "1747"]
[WhiteFideId "1512633"]
[BlackFideId "418005"]
[EventDate "2014.12.08"]

1. e4 e6 2. d4 d5 3. Nc3 Nf6 4. Bg5 Be7 5. e5 Nfd7 6. h4 c5 7. Bxe7 Kxe7 8. Qg4
Nc6 9. Nf3 cxd4 10. Nxd4 Nxd4 11. Qxd4 Qb6 12. Qxb6 Nxb6 13. O-O-O f6 14. Re1
Bd7 15. Bd3 Bc6 16. f4 Nd7 17. Rh3 Kf7 18. Ne2 fxe5 19. fxe5 Nxe5 20. Nd4 Nxd3+
21. Rxd3 Rhe8 22. Rf3+ Kg8 23. Rfe3 Bd7 24. c3 Rf8 25. Nxe6 Bxe6 26. Rxe6 Rf2
27. Re8+ Rxe8 28. Rxe8+ Kf7 29. Rb8 Rxg2 30. Rxb7+ Kg6 31. Rxa7 Rg4 32. b4 Rc4
33. b5 Rxc3+ 34. Kd2 Rc4 35. b6 Rb4 36. b7 d4 37. a3 Rb2+ 38. Kc1 Rb3 39. Kc2
Rb6 40. a4 Kf5 41. a5 Rb5 42. Kd3 Ke5 43. a6 Kd6 44. Ra8 Kc7 45. Rc8+ 1-0

[Event "London Classic Open 2014"]
[Site "London ENG"]
[Date "2014.12.10"]
[Round "3.61"]
[White "Disu, Kayode"]
[Black "Jones, Steven A"]
[Result "1/2-1/2"]
[WhiteElo "1879"]
[BlackElo "2096"]
[WhiteFideId "432849"]
[BlackFideId "419630"]
[EventDate "2014.12.08"]

1. e4 d5 2. exd5 Qxd5 3. Nc3 Qd6 4. d4 Nf6 5. Nf3 a6 6. Bc4 b5 7. Bb3 c5 8. dxc5
Qxd1+ 9. Kxd1 e6 10. Ke2 Bxc5 11. Be3 Nbd7 12. Rhd1 Bb7 13. a3 Rc8 14. Rd2 O-O
15. Rad1 Nb6 16. Bxc5 Rxc5 17. Rd8 Nbd5 18. Rxf8+ Kxf8 19. Nxd5 Nxd5 20. Bxd5
Bxd5 21. c3 Ke7 22. Ke3 f6 23. g3 e5 24. Nd2 Ke6 25. f4 exf4+ 26. Kxf4 f5 27.
Re1+ Kf6 28. Ke3 Bb7 29. Nf3 Rc7 30. Rd1 Re7+ 31. Kf2 g6 32. Rd6+ Re6 33. Rxe6+
Kxe6 34. Ng5+ Kd5 35. Ke3 h5 36. Nf3 Kc4 37. Nd2+ Kd5 38. Kf4 Bc6 39. Kg5 Be8
40. Kf6 a5 41. h4 a4 42. Ke7 Bc6 43. Kf7 Ke5 44. Kxg6 f4 45. gxf4+ Kxf4 46. Kxh5
Ke3 47. Nf1+ Kd3 48. Kg5 Kc2 49. Ne3+ Kxb2 50. h5 Be4 51. Nf5 Bd5 52. Ne7 Be4
53. Ng6 Bd5 54. Ne7 1/2-1/2